The Districts of Cyprus in Greek - Statistics

General Stats
  • This quiz has been taken 6 times
  • The average score is 5 of 6
Answer Stats
English Ελληνικά % Correct
Larnaca Λάρνακα
100%
Paphos Παφος
100%
Famagusta Αμμόχωστος
75%
Kyrenia Κερύνεια
75%
Limassol Λεμεσός
75%
Nicosia Λευκωσία
50%
No matching quizzes found
Score Distribution
Percent of People with Each Score
Percentile by Number Answered
Your Score History
You have not taken this quiz